ბათუმის შოთა რუსთაველის სახელმწიფო უნივერსიტეტის ბიბლიოთეკა

Treasures of National Trust (ბიბ.ჩანაწერი № 46849)

000 -LEADER
fixed length control field 00480nam a2200193Ia 4500
001 - CONTROL NUMBER
control field 13701
003 - CONTROL NUMBER IDENTIFIER
control field GE_BSU
008 - FIXED-LENGTH DATA ELEMENTS--GENERAL INFORMATION
fixed length control field 181216s||||||||xx |||||||||||||| ||und||
040 ## - CATALOGING SOURCE
Transcribing agency GE_BSU
080 ## - UNIVERSAL DECIMAL CLASSIFICATION NUMBER
Universal Decimal Classification number 008
245 ## - TITLE STATEMENT
Title Treasures of National Trust
245 ## - TITLE STATEMENT
Statement of responsibility, etc. Edited by Robin Fedden. Associate editor Rosemary Joekes
260 ## - PUBLICATION, DISTRIBUTION, ETC.
Place of publication, distribution, etc. London
260 ## - PUBLICATION, DISTRIBUTION, ETC.
Name of publisher, distributor, etc. Book club Associates
260 ## - PUBLICATION, DISTRIBUTION, ETC.
Date of publication, distribution, etc. 1976
300 ## - PHYSICAL DESCRIPTION
Extent 207p.ill.25cm.
653 ## - INDEX TERM--UNCONTROLLED
Uncontrolled term Treasures of National Trust
942 ## - ADDED ENTRY ELEMENTS (KOHA)
Koha item type წიგნი
ეგზემპლარები
Withdrawn status Lost status Damaged status Not for loan Date acquired Barcode Date last seen Price effective from Koha item type
        2018-12-17 37096 2018-12-17 2018-12-17 წიგნი